[Event "ch-Africa 2025"]
[Site "Kerdasa EGY"]
[Date "2025.05.17"]
[Round "6.16"]
[White "Musonda Chola"]
[Black "Elnasri, Mohammed"]
[Result "1-0"]
[WhiteTitle "FM"]
[BlackTitle "CM"]
[WhiteElo "2127"]
[BlackElo "1943"]
[WhiteFideId "8706050"]
[BlackFideId "12200883"]
[EventDate "2025.05.13"]

1. e4 d5 2. Nc3 d4 3. Nce2 e5 4. d3 Bb4+ 5. c3 dxc3 6. bxc3 Bc5 7. d4 exd4 8.
cxd4 Bb4+ 9. Bd2 Bxd2+ 10. Qxd2 Nf6 11. e5 Nd5 12. Nf3 Bg4 13. h3 Bxf3 14. gxf3
O-O 15. f4 Qh4 16. Rg1 Nd7 17. Rg4 Qh6 18. Ng3 f5 19. Rg5 g6 20. Bg2 N7b6 21.
O-O-O Qh4 22. Rg1 Nxf4 23. Nxf5 Ne2+ 24. Kd1 Rxf5 25. Rg4 Qe7 26. Kxe2 Raf8 27.
f4 c6 28. Be4 Rh5 29. f5 Rxh3 30. f6 Qa3 31. Bd3 Nd5 32. R4g3 Rh2+ 33. R1g2 Nc3+
34. Kf2 Rxg2+ 35. Kxg2 Kh8 36. Bxg6 Qxa2 37. Qxa2 Nxa2 38. e6 hxg6 39. e7 Kg8
40. Rxg6+ Kf7 41. Rg7+ Ke8 42. exf8=Q+ Kxf8 43. Kf3 Nc3 44. Kf4 Nb5 45. Ke5 a5
46. Rxb7 a4 47. d5 a3 48. dxc6 1-0

[Event "ch-Africa 2025"]
[Site "Kerdasa EGY"]
[Date "2025.05.17"]
[Round "6.17"]
[White "Idrissi, Chafik"]
[Black "Hossam Mohamed, Adham"]
[Result "1-0"]
[WhiteTitle "CM"]
[BlackTitle "CM"]
[WhiteElo "2107"]
[BlackElo "2014"]
[WhiteFideId "9000259"]
[BlackFideId "10669671"]
[EventDate "2025.05.13"]

1. d4 e6 2. Nf3 f5 3. g3 Nf6 4. Bg2 d5 5. O-O Bd6 6. b3 Qe7 7. Bb2 O-O 8. c4 c6
9. Qc1 Nbd7 10. Ba3 Bxa3 11. Nxa3 Ne4 12. Qb2 a5 13. Nc2 b6 14. Nce1 Ba6 15. Rc1
a4 16. Nd3 a3 17. Qc2 Rac8 18. Nfe5 Nxe5 19. dxe5 Rfd8 20. Bxe4 fxe4 21. Nf4 c5
22. f3 e3 23. Rfd1 d4 24. Nd3 b5 25. Rf1 b4 26. Qd1 Qg5 27. Qe1 Rc7 28. g4 Qh6
29. Qg3 g5 30. Kg2 Rf8 31. Rh1 Bb7 32. h4 gxh4 33. Rxh4 Qg6 34. Nf4 Rxf4 35.
Qxf4 Rf7 36. Qh6 d3 37. Qxe3 dxe2 38. Rh3 Kh8 39. Kh2 Rd7 40. Re1 Rd1 41. Qxe2
Rxe1 42. Qxe1 Qc2+ 43. Kg3 Qxa2 44. Qd1 Bd5 45. Qd3 1-0

[Event "ch-Africa 2025"]
[Site "Kerdasa EGY"]
[Date "2025.05.17"]
[Round "6.18"]
[White "Nader Obeid"]
[Black "Donkeng Hussel"]
[Result "0-1"]
[WhiteTitle "FM"]
[WhiteElo "2069"]
[BlackElo "1910"]
[WhiteFideId "12200085"]
[BlackFideId "16401794"]
[EventDate "2025.05.13"]

1. d4 Nf6 2. Bf4 c5 3. e3 Qb6 4. Na3 Qxb2 5. Nb5 Nd5 6. a3 a6 7. Rb1 Qa2 8. Ra1
Qb2 9. Rb1 Qa2 10. Qc1 axb5 11. Ra1 Qxa1 12. Qxa1 e5 13. Bxe5 c4 14. Bxb8 Rxa3
15. Qc1 Bb4+ 16. Ke2 O-O 17. f3 Rxe3+ 18. Kf2 Be1+ 19. Qxe1 Rxe1 20. Kxe1 Ne3
21. Ne2 b4 22. Kd2 Re8 23. Be5 Nf5 24. Ng3 d5 25. Nxf5 Bxf5 26. g4 Bg6 27. Bg2
c3+ 28. Ke3 Bxc2 29. f4 b3 30. Bxd5 b2 31. Bxb7 b1=Q 32. Rxb1 Bxb1 33. Bc6 Rc8
34. d5 c2 35. Kd2 Ba2 36. Kc1 f6 37. Bd6 Kf7 38. f5 Bc4 39. Bd7 Rd8 40. Be6+ Ke8
41. Bc7 Ra8 42. Kxc2 Bxd5 43. Bxd5 Rc8 44. Kd3 Rxc7 45. Ke3 Rc2 46. h4 Rh2 47.
h5 Ke7 48. Kf4 Kd6 49. Bf7 h6 50. Be6 Rb2 51. Bf7 Rb4+ 52. Kg3 Ke5 0-1

[Event "ch-Africa 2025"]
[Site "Kerdasa EGY"]
[Date "2025.05.17"]
[Round "6.19"]
[White "Sayed, Hany"]
[Black "Bakeer Ehab, Ahmad"]
[Result "1-0"]
[WhiteElo "2033"]
[BlackElo "2069"]
[WhiteFideId "10605878"]
[BlackFideId "54240433"]
[EventDate "2025.05.13"]

1. e4 c5 2. Nf3 Nc6 3. d4 cxd4 4. Nxd4 Nf6 5. Nc3 e5 6. Ndb5 d6 7. Bg5 a6 8.
Bxf6 gxf6 9. Na3 b5 10. Nd5 Bg7 11. c3 f5 12. Bd3 Ne7 13. c4 Nxd5 14. cxd5 fxe4
15. Bxe4 Qh4 16. Qc2 O-O 17. g3 Qh3 18. Qe2 f5 19. Bc2 f4 20. Be4 f3 21. Qd3 Qh6
22. O-O Bg4 23. Nc2 Qh3 24. Ne1 Qh5 25. h3 Qxh3 26. Nxf3 Rf6 27. Nh4 Rh6 28. Bg2
Rxh4 29. Bxh3 Rxh3 30. Kg2 Rf8 31. f3 Bf5 32. Qe2 Rh6 33. Rh1 Rg6 34. Rh5 e4 35.
Rxf5 Rxf5 36. fxe4 Rfg5 37. Rh1 Rxg3+ 38. Kf1 Bd4 39. Qh5 h6 40. Rh2 Rg1+ 41.
Ke2 Bxb2 42. Qf5 Bg7 43. Qc8+ Kh7 44. Qxa6 Rb1 45. Rf2 Rb2+ 46. Ke3 Bd4+ 47.
Kxd4 Rc2 48. Re2 Rxe2 49. Qxb5 Rxa2 50. Qd7+ Kh8 51. Qe8+ Kh7 52. Qf7+ Rg7 53.
Qf5+ Rg6 54. Qd7+ Kh8 55. Qf7 Rag2 56. Kc4 Rc2+ 57. Kd3 Rcg2 58. Kc4 Rc2+ 59.
Kb3 Rcg2 60. Kb4 Rb2+ 61. Kc3 Rbg2 62. Qe7 R6g3+ 63. Kb4 Rb2+ 64. Ka4 Ra2+ 65.
Kb5 Rb2+ 66. Kc6 Rg6 67. Qf8+ Kh7 68. Qf7+ Rg7 69. Qf5+ Rg6 70. Kc7 Rg2 71. Kc6
Rg5 72. Qd7+ Kh8 73. Qf7 h5 74. e5 dxe5+ 75. d6 Rh6 76. Qf8+ Kh7 77. Kc7 Rgg6
78. Qf5 Kg8 79. d7 Rc6+ 80. Kd8 Rce6 81. Qe4 Rc6 82. Qxe5 Kf7 83. Qf5+ Kg8 84.
Ke7 Rh7+ 85. Qxh7+ Kxh7 86. d8=Q Rg6 87. Qd3 Kg7 88. Qd4+ Kh6 89. Kf7 Rg4 90.
Qe3+ Kh7 91. Kf6 Rg6+ 92. Kf5 Rg4 93. Qe8 Kh6 94. Qh8# 1-0

[Event "ch-Africa 2025"]
[Site "Kerdasa EGY"]
[Date "2025.05.17"]
[Round "6.21"]
[White "Ebosse Kingue Victor Patrick"]
[Black "Naser Eldean, Ahmed"]
[Result "1-0"]
[WhiteTitle "FM"]
[BlackTitle "CM"]
[WhiteElo "2002"]
[BlackElo "2006"]
[WhiteFideId "16400291"]
[BlackFideId "9205365"]
[EventDate "2025.05.13"]

1. d4 Nf6 2. Nf3 g6 3. Nc3 d5 4. Bf4 Bg7 5. e3 O-O 6. Be2 c5 7. Ne5 cxd4 8. exd4
Nc6 9. O-O Qb6 10. Nxc6 Qxc6 11. Bb5 Qb6 12. a4 Qa5 13. Be5 a6 14. Be2 Ne4 15.
Nxe4 Bxe5 16. dxe5 dxe4 17. Qd4 Bf5 18. g4 Rad8 19. Qe3 Bd7 20. Qxe4 Bc6 21. Qe3
Qd5 22. f3 Qa5 23. Bc4 Qc7 24. b3 b5 25. axb5 axb5 26. Ra7 Qc8 27. Bd3 Rd7 28.
Rxd7 Qxd7 29. Ra1 Qd5 30. Kf2 Qd8 31. h4 e6 32. g5 h6 33. Ra6 Qc8 34. Ra7 hxg5
35. Qxg5 Bd5 36. Bxg6 Qc5+ 37. Kf1 f6 38. Bh7+ Kh8 39. Qg7# 1-0

[Event "ch-Africa 2025"]
[Site "Kerdasa EGY"]
[Date "2025.05.17"]
[Round "6.23"]
[White "Naipal, Hoolan"]
[Black "Cogan, Nicolas"]
[Result "0-1"]
[WhiteTitle "CM"]
[BlackTitle "CM"]
[WhiteElo "1844"]
[BlackElo "2099"]
[WhiteFideId "9700382"]
[BlackFideId "679356"]
[EventDate "2025.05.13"]

1. d4 Nf6 2. c4 e6 3. a3 b6 4. Nc3 Bb7 5. Bf4 d6 6. d5 e5 7. Bg5 h6 8. Bxf6 Qxf6
9. e4 g6 10. h4 h5 11. g3 Bh6 12. Bh3 O-O 13. Nge2 Bc8 14. Bxc8 Rxc8 15. Qd3 a5
16. O-O Na6 17. Qc2 Qf3 18. Rad1 Rf8 19. Rd3 Qf6 20. Kg2 Qe7 21. Rdd1 Kh7 22.
Nc1 f5 23. Nd3 Nc5 24. Nxc5 bxc5 25. Rb1 f4 26. b4 axb4 27. axb4 cxb4 28. Rxb4
Qf6 29. Qb1 Rf7 30. Rb7 Ra3 31. Nb5 fxg3 32. f3 Qxh4 33. Rh1 Qf4 34. Rf1 Qd2+
35. Kxg3 Bf4+ 0-1

[Event "ch-Africa 2025"]
[Site "Kerdasa EGY"]
[Date "2025.05.17"]
[Round "6.24"]
[White "Abdin, Mahmoud"]
[Black "Deme, Cheikh Sidy Mohamed"]
[Result "1-0"]
[WhiteElo "1993"]
[BlackElo "1998"]
[WhiteFideId "10653376"]
[BlackFideId "19900430"]
[EventDate "2025.05.13"]

1. d4 d5 2. Nf3 Nf6 3. g3 Bf5 4. Bg2 e6 5. O-O c5 6. c4 Nc6 7. Nc3 a6 8. cxd5
exd5 9. Bg5 h6 10. Bxf6 gxf6 11. dxc5 d4 12. Na4 Be7 13. Qd2 Qc7 14. Nxd4 Rd8
15. e3 h5 16. Qc3 Bg6 17. Nxc6 bxc6 18. Rad1 h4 19. Rxd8+ Bxd8 20. Nb6 Bf5 21.
Nc4 Kf8 22. Nd6 Be6 23. Qb4 Qd7 24. Qb7 Bc7 25. Qxc6 Qe7 26. Qf3 h3 27. Bh1 Rg8
28. Nf5 Qd7 29. Rd1 Qc8 30. e4 Be5 31. b4 Bxa2 32. Qd3 Bc7 33. Qd7 Qxd7 34. Rxd7
Be6 35. Rxc7 Bxf5 36. exf5 Rg4 37. f4 1-0

[Event "ch-Africa 2025"]
[Site "Kerdasa EGY"]
[Date "2025.05.18"]
[Round "7.1"]
[White "Amin, Bassem"]
[Black "Ahmed, Ahmed Alaa"]
[Result "1/2-1/2"]
[WhiteTitle "GM"]
[WhiteElo "2649"]
[BlackElo "2223"]
[WhiteFideId "10601457"]
[BlackFideId "10624562"]
[EventDate "2025.05.13"]

1. e4 e5 2. Nf3 Nc6 3. Bc4 Bc5 4. c3 Nf6 5. d3 a6 6. O-O d6 7. a4 Ba7 8. b4 Ne7
9. Nbd2 Ng6 10. d4 O-O 11. Re1 exd4 12. cxd4 d5 13. exd5 Nxd5 14. Qb3 Be6 15.
Ne4 Ndf4 16. Bxf4 Bxc4 17. Qxc4 Nxf4 18. b5 Bb6 19. Nc5 axb5 20. axb5 Rxa1 21.
Rxa1 Qd5 22. Qxd5 Nxd5 23. Nxb7 Nc3 24. Nc5 Nxb5 25. Nd7 Rd8 26. Nxb6 cxb6 27.
Kf1 f6 28. Rb1 Nxd4 29. Nxd4 Rxd4 30. Rxb6 Rd7 1/2-1/2

[Event "ch-Africa 2025"]
[Site "Kerdasa EGY"]
[Date "2025.05.18"]
[Round "7.3"]
[White "Abdelnabbi, Imed"]
[Black "Bellahcene, Bilel"]
[Result "0-1"]
[WhiteTitle "IM"]
[BlackTitle "GM"]
[WhiteElo "2385"]
[BlackElo "2504"]
[WhiteFideId "10600035"]
[BlackFideId "696358"]
[EventDate "2025.05.13"]

1. d4 Nf6 2. c4 e6 3. Nc3 Bb4 4. Qc2 O-O 5. a3 Bxc3+ 6. Qxc3 b6 7. Bg5 Bb7 8. f3
h6 9. Bh4 d6 10. e3 Nbd7 11. Bd3 e5 12. Ne2 e4 13. fxe4 Qe8 14. e5 dxe5 15. d5
c6 16. e4 cxd5 17. cxd5 Rc8 18. Qd2 Qd8 19. Qd1 Nc5 20. Nc3 Nxd3+ 21. Qxd3 Qd6
22. Nb5 Qe7 23. Nxa7 Ra8 24. Nb5 Ba6 25. Rc1 g5 26. Bf2 Nxe4 27. Qxe4 Bxb5 28.
Bxb6 Ra4 29. Qe3 Qd7 30. b4 Rfa8 31. Rc3 Qxd5 32. h4 Rxb4 33. axb4 Qxg2 34. Ba5
Qxh1+ 35. Kd2 Qxh4 36. Rc5 Ba4 37. Rxe5 Rc8 38. Rc5 Re8 39. Qg1 Qf4+ 40. Kd3
Qf3+ 41. Kd4 0-1

[Event "ch-Africa 2025"]
[Site "Kerdasa EGY"]
[Date "2025.05.18"]
[Round "7.5"]
[White "Wafa, Hamed"]
[Black "Tamer Waguih, Farid"]
[Result "1-0"]
[WhiteTitle "IM"]
[BlackTitle "FM"]
[WhiteElo "2367"]
[BlackElo "2206"]
[WhiteFideId "10628452"]
[BlackFideId "10685723"]
[EventDate "2025.05.13"]

1. c4 Nf6 2. g3 g6 3. Bg2 d5 4. cxd5 Nxd5 5. Qb3 c6 6. Nc3 Nb6 7. Nf3 Bg7 8. d4
O-O 9. O-O Be6 10. Qc2 N8d7 11. Rd1 h6 12. h3 Qc8 13. e4 Rd8 14. Kh2 Nf8 15. b3
g5 16. Be3 Ng6 17. Rac1 g4 18. Ng1 gxh3 19. Nxh3 Nd7 20. f4 Nf6 21. Bg1 Ng4+ 22.
Kh1 f5 23. e5 Bf7 24. Qe2 e6 25. Ne4 h5 26. Neg5 Qd7 27. d5 cxd5 28. Bxd5 exd5
29. e6 Bxe6 30. Rc7 Qe8 31. Qxe6+ Qxe6 32. Nxe6 Bf6 33. Nxd8 Rxd8 34. Bd4 Nf8
35. Bxf6 Nxf6 36. Ng5 d4 37. Kg1 Ne4 38. Nxe4 fxe4 39. Re7 e3 40. Rxe3 Kg7 1-0

[Event "ch-Africa 2025"]
[Site "Kerdasa EGY"]
[Date "2025.05.18"]
[Round "7.6"]
[White "Ezat, Mohamed"]
[Black "Yousry, Salah"]
[Result "0-1"]
[WhiteTitle "IM"]
[BlackTitle "FM"]
[WhiteElo "2296"]
[BlackElo "2256"]
[WhiteFideId "10600906"]
[BlackFideId "10601120"]
[EventDate "2025.05.13"]

1. d4 Nf6 2. c4 d6 3. Nc3 e5 4. d5 Bf5 5. e3 g6 6. h4 h5 7. Nf3 Bg7 8. Ng5 e4 9.
Qb3 Nbd7 10. Qxb7 Nc5 11. Qb5+ Nfd7 12. Qa5 a6 13. Na4 O-O 14. Nxc5 Nxc5 15. Rb1
Rb8 16. b3 Qd7 17. Ba3 Qe7 18. Qd2 a5 19. Bb2 Nxb3 20. axb3 Rxb3 21. Be2 Rfb8
22. Bd1 Rxb2 23. Rxb2 Bxb2 24. Qxa5 Bf6 25. O-O Bxg5 26. hxg5 Rc8 27. Qd2 Qxg5
28. f4 exf3 29. Bxf3 Re8 30. Re1 Be4 31. Rf1 Qe5 32. Bxe4 Qxe4 33. Ra1 Qxe3+ 34.
Qxe3 Rxe3 35. Ra7 Re7 36. c5 Kf8 37. c6 Kg7 38. Ra8 Re5 39. Rc8 Rxd5 40. Rxc7
Rc5 41. Rc8 Rc2 42. Kf1 d5 43. c7 d4 44. Ke1 d3 45. g3 Kf6 46. Kd1 Ke5 0-1

[Event "ch-Africa 2025"]
[Site "Kerdasa EGY"]
[Date "2025.05.18"]
[Round "7.7"]
[White "Ashraf, Shereif"]
[Black "Khalil, Ahmed Salem"]
[Result "1-0"]
[WhiteTitle "FM"]
[BlackTitle "CM"]
[WhiteElo "2264"]
[BlackElo "2102"]
[WhiteFideId "10618260"]
[BlackFideId "10616624"]
[EventDate "2025.05.13"]

1. e4 g6 2. d4 Bg7 3. Nf3 d6 4. Be3 c5 5. c3 Nd7 6. Bd3 a6 7. O-O e6 8. Re1 Ne7
9. Nbd2 h6 10. Nc4 Qc7 11. a4 d5 12. exd5 Nxd5 13. dxc5 Nxe3 14. Rxe3 Nxc5 15.
Bf1 O-O 16. b4 Nd7 17. a5 b5 18. axb6 Nxb6 19. Nxb6 Qxb6 20. Ra5 Bb7 21. Qa4
Rfb8 22. Ne5 Qc7 23. Rc5 Qe7 24. c4 Rd8 25. Qa5 Bxe5 26. Rcxe5 Rd1 27. Re1 Rad8
28. c5 Qf6 29. Qa3 R1d2 30. R5e2 Rxe2 31. Rxe2 Rd1 32. Rc2 Qd4 33. Rc1 Rxc1 34.
Qxc1 Bc6 35. Qa3 Bb5 36. Bxb5 axb5 37. Qc1 Qd8 38. c6 Qc7 39. Qc5 h5 40. h4 Kh7
41. Qxb5 g5 42. Qc5 gxh4 43. b5 f5 44. b6 Qg7 45. Qe3 Qg4 46. c7 Qc4 47. Qg5 Qc6
48. Qxh5+ Kg7 49. Qxh4 Kf7 50. Qh5+ Kg7 51. Qd1 Kg6 52. Qb1 1-0

[Event "ch-Africa 2025"]
[Site "Kerdasa EGY"]
[Date "2025.05.18"]
[Round "7.8"]
[White "Fawzy, Adham"]
[Black "Musonda Chola"]
[Result "1-0"]
[WhiteTitle "GM"]
[BlackTitle "FM"]
[WhiteElo "2513"]
[BlackElo "2127"]
[WhiteFideId "10613129"]
[BlackFideId "8706050"]
[EventDate "2025.05.13"]

1. b3 e5 2. Bb2 d6 3. e4 c5 4. f4 Nc6 5. Nf3 Bg4 6. Bb5 exf4 7. Nc3 Be7 8. Qe2
Bf6 9. O-O-O Ne7 10. h3 Bxf3 11. Qxf3 O-O 12. Bxc6 Nxc6 13. Nd5 Bxb2+ 14. Kxb2
a5 15. a4 b5 16. axb5 Nd4 17. Qd3 a4 18. Ra1 axb3 19. c3 Ne6 20. Rxa8 Qxa8 21.
Ra1 Qb7 22. b6 Ra8 23. Qb5 c4 24. Qc6 Qxc6 25. Ne7+ Kf8 26. Nxc6 Rxa1 27. b7
Ra2+ 28. Kb1 Ke8 29. b8=Q+ Kd7 30. Qb7+ Nc7 31. Nd4 Rxd2 32. Qc6+ Kd8 33. Qxd6+
Kc8 34. Qf8+ Kb7 35. Qb4+ Kc8 36. Qxc4 1-0

[Event "ch-Africa 2025"]
[Site "Kerdasa EGY"]
[Date "2025.05.18"]
[Round "7.9"]
[White "Idrissi, Chafik"]
[Black "Amdouni, Zoubaier"]
[Result "1-0"]
[WhiteTitle "CM"]
[BlackTitle "FM"]
[WhiteElo "2107"]
[BlackElo "2226"]
[WhiteFideId "9000259"]
[BlackFideId "5500419"]
[EventDate "2025.05.13"]

1. d4 Nf6 2. Nf3 e6 3. Bg5 c5 4. e3 Nc6 5. Nbd2 cxd4 6. exd4 Be7 7. c3 O-O 8.
Bd3 Nd5 9. Bxe7 Qxe7 10. O-O Nf4 11. Bc2 d5 12. Re1 Bd7 13. Nf1 f5 14. Qd2 g5
15. a4 Qg7 16. Ne5 Nxe5 17. Rxe5 Ng6 18. Ree1 Nh4 19. f3 f4 20. Qf2 Rf6 21. Re5
Be8 22. Rae1 Bf7 23. Nd2 h6 24. Nb3 b6 25. a5 Re8 26. axb6 axb6 27. Nc1 Bg6 28.
Nd3 Nf5 29. Nb4 Ne3 30. Bxg6 Qxg6 31. g4 Ra8 32. h4 Rf7 33. h5 Qf6 34. Nc2 Nxc2
35. Qxc2 Re7 36. Qb3 Rb8 37. Qb5 Qf7 38. Qc6 Rbe8 39. R1e2 Qh7 40. Kf2 Qb1 41.
Kg2 b5 42. Qxb5 Ra8 43. Re1 Qa2 44. Rxe6 1-0

[Event "ch-Africa 2025"]
[Site "Kerdasa EGY"]
[Date "2025.05.18"]
[Round "7.10"]
[White "Jele, Tapiwa"]
[Black "Abdel Moniem, Mohamed"]
[Result "1-0"]
[WhiteElo "2105"]
[BlackElo "2144"]
[WhiteFideId "11002344"]
[BlackFideId "10605924"]
[EventDate "2025.05.13"]

1. Nf3 d5 2. g3 Nf6 3. Bg2 c6 4. d3 Bf5 5. O-O e6 6. Nbd2 Nbd7 7. Qe1 h6 8. e4
dxe4 9. dxe4 Bh7 10. Qe2 Be7 11. b3 O-O 12. Bb2 b5 13. Rfd1 Qc7 14. c4 Bc5 15.
cxb5 cxb5 16. Qxb5 Rab8 17. Qe2 a5 18. Rac1 Qa7 19. Ne5 Rfc8 20. Nxd7 Nxd7 21.
Rc4 Nb6 22. Rcc1 a4 23. Be5 Ra8 24. Nc4 Nd7 25. Bf4 Bg6 26. h3 Rd8 27. Rc2 axb3
28. axb3 Nf6 29. Rxd8+ Rxd8 30. Ne5 Nh5 31. Nc6 Nxf4 32. gxf4 Qa1+ 33. Kh2 Bd6
34. e5 Bxc2 35. Qxc2 Bc7 36. Ne7+ Kf8 37. Qxc7 Qd4 38. Nd5 Rxd5 39. Bxd5 Qxd5
40. Qd6+ Qxd6 41. exd6 Ke8 42. Kg2 Kd7 43. Kf3 f5 44. h4 Kxd6 45. h5 Kc5 46. Ke3
Kb4 47. Kd4 Kxb3 48. Ke5 Kc4 49. Kxe6 Kd4 50. Kxf5 Kd5 51. f3 Kd6 52. Kg6 Ke7
53. Kxg7 Ke6 54. Kg6 Ke7 55. f5 Kf8 56. Kxh6 Kf7 57. Kg5 Kg7 58. f6+ Kh7 59. Kf5
Kg8 60. Ke6 Kf8 61. f7 1-0

[Event "ch-Africa 2025"]
[Site "Kerdasa EGY"]
[Date "2025.05.18"]
[Round "7.12"]
[White "Mena, Martin"]
[Black "Boulrens, Ala Eddine"]
[Result "0-1"]
[WhiteTitle "FM"]
[WhiteElo "2044"]
[BlackElo "2136"]
[WhiteFideId "10651225"]
[BlackFideId "7907559"]
[EventDate "2025.05.13"]

1. d4 Nf6 2. Nf3 c5 3. d5 b5 4. Bg5 d6 5. a4 b4 6. Bxf6 exf6 7. e4 g6 8. Bb5+
Nd7 9. Nbd2 Bg7 10. O-O O-O 11. Bxd7 Qxd7 12. Nc4 Ba6 13. Nfd2 f5 14. Re1 fxe4
15. Rxe4 Rfe8 16. Rf4 Re7 17. Rb1 Rae8 18. b3 Re2 19. Nf3 Bxc4 20. Rxc4 Qf5 21.
Kf1 Bc3 22. Rc1 R2e7 23. g4 Qf6 24. Qd3 Re3 25. fxe3 Qxf3+ 26. Kg1 Rxe3 27. Qf1
Qxd5 28. Qg2 Qe5 29. Rd1 Bd4 30. Rcxd4 cxd4 31. Rf1 Re1 32. Rxe1 Qxe1+ 33. Qf1
Qxf1+ 34. Kxf1 f5 35. gxf5 gxf5 36. Ke2 Kf7 37. Kd3 Ke6 38. Kxd4 d5 39. c3 bxc3
40. Kxc3 a5 41. b4 axb4+ 42. Kxb4 Kd6 43. Kc3 Kc5 44. h4 f4 45. h5 f3 46. Kd2 d4
47. Kd3 0-1

[Event "ch-Africa 2025"]
[Site "Kerdasa EGY"]
[Date "2025.05.18"]
[Round "7.13"]
[White "Kandil, Ahmed"]
[Black "Sayed, Hany"]
[Result "0-1"]
[WhiteTitle "FM"]
[WhiteElo "2289"]
[BlackElo "2033"]
[WhiteFideId "10628401"]
[BlackFideId "10605878"]
[EventDate "2025.05.13"]

1. d4 Nf6 2. g3 d5 3. Nf3 c6 4. Bg2 h6 5. O-O Bf5 6. c4 e6 7. Nc3 Nbd7 8. Ne5
Nxe5 9. dxe5 Nd7 10. cxd5 cxd5 11. Qa4 a6 12. e4 b5 13. Qd1 dxe4 14. Nxe4 Nxe5
15. Bf4 Nd3 16. Be3 Nxb2 17. Nf6+ Ke7 18. Qe2 Kxf6 19. Qxb2+ Kg6 20. Rad1 Qe8
21. Qe2 h5 22. h3 Kh7 23. g4 hxg4 24. hxg4 Bg6 25. f4 Kg8 26. f5 exf5 27. Bxa8
Qxa8 28. Qg2 Qxg2+ 29. Kxg2 fxg4 30. Rd8 Be4+ 31. Kg3 f5 32. Bg5 Kf7 33. Kf4 Rh5
34. Rc1 Ba3 35. Rc7+ Kg6 36. Rdd7 Bb2 37. Rd6+ Kh7 38. Rd2 Ba1 39. Be7 Rh3 40.
Kg5 g3 41. Rd1 Be5 42. Rc8 g2 43. Bc5 Bf6+ 0-1

[Event "ch-Africa 2025"]
[Site "Kerdasa EGY"]
[Date "2025.05.18"]
[Round "7.14"]
[White "Donkeng Hussel"]
[Black "Sameh Mohamed, Abdalrahman"]
[Result "0-1"]
[BlackTitle "IM"]
[WhiteElo "1910"]
[BlackElo "2211"]
[WhiteFideId "16401794"]
[BlackFideId "54262674"]
[EventDate "2025.05.13"]

1. e4 c5 2. Nf3 a6 3. Nc3 b5 4. d4 cxd4 5. Nxd4 Bb7 6. Be3 e6 7. Bd3 Nc6 8. O-O
Nxd4 9. Bxd4 Ne7 10. a3 Nc6 11. Be3 Be7 12. Qg4 O-O 13. f4 b4 14. Ne2 bxa3 15.
bxa3 Qa5 16. Ng3 Kh8 17. f5 Bc5 18. Bxc5 Qxc5+ 19. Kh1 Ne5 20. Qh3 Qe3 21. Rae1
Qg5 22. Ne2 Rac8 23. Rf4 Nxd3 24. Qxd3 Rfd8 25. Ref1 e5 26. R4f3 d5 27. Rg3 Qf6
28. Qb3 Rb8 29. Rb1 dxe4 30. Nc3 h6 31. Rf1 e3 32. Qc4 a5 33. a4 Rbc8 34. Qb3 e2
35. Nxe2 Ba6 36. Re3 Rd2 37. Re1 Rcxc2 38. Qb8+ Kh7 39. Rxe5 Rxe2 40. R5xe2 Rxe2
41. Rd1 Qxf5 42. h3 Qe4 43. Qg3 Bb7 44. Rg1 Qxa4 45. Qc7 Qe4 0-1

[Event "ch-Africa 2025"]
[Site "Kerdasa EGY"]
[Date "2025.05.18"]
[Round "7.15"]
[White "Alhassadi, Yousef A."]
[Black "Ebosse Kingue Victor Patrick"]
[Result "1-0"]
[WhiteTitle "FM"]
[BlackTitle "FM"]
[WhiteElo "2165"]
[BlackElo "2002"]
[WhiteFideId "9204725"]
[BlackFideId "16400291"]
[EventDate "2025.05.13"]

1. e4 c5 2. c3 Nf6 3. e5 Nd5 4. Nf3 d6 5. exd6 Qxd6 6. d4 Nc6 7. Na3 cxd4 8. Nb5
Qd8 9. Nbxd4 e6 10. Bd3 Be7 11. O-O O-O 12. Nxc6 bxc6 13. Qe2 Bf6 14. h4 Re8 15.
Qe4 h6 16. h5 e5 17. Rd1 Qc7 18. c4 Ne7 19. Qh7+ Kf8 20. Be3 Ng8 21. Re1 Be7 22.
Qh8 f5 23. Bxh6 Bf6 24. Bg5 e4 25. Bxf6 gxf6 26. h6 Be6 27. h7 Qg7 28. hxg8=Q+
Bxg8 29. Qh2 Rad8 30. Bc2 exf3 31. Rxe8+ Kxe8 32. Re1+ Kf8 33. b3 f4 34. Qh3
fxg2 35. Qxg2 Qxg2+ 36. Kxg2 Rd2 37. Be4 c5 38. Bb1 Rb2 39. Kf3 a5 40. Rf1 a4
41. bxa4 Bxc4 42. Rc1 Bxa2 43. Be4 Rb4 44. a5 Bc4 45. Kxf4 Ke7 46. Ra1 Ba6 47.
Ke3 Rb3+ 48. Kf4 c4 49. f3 c3 50. Ke3 Rb2 51. Ra3 f5 52. Bxf5 Re2+ 53. Kd4 c2
54. Rc3 Kd6 55. Bxc2 Rd2+ 56. Ke3 Rd5 57. Ra3 Ke5 58. Be4 Rc5 59. Bd3 Bc8 60. a6
Bxa6 61. Rxa6 Rc8 62. f4+ Kd5 63. Be4+ Kc5 64. f5 Rd8 65. Rc6+ Kb5 66. f6 1-0

[Event "ch-Africa 2025"]
[Site "Kerdasa EGY"]
[Date "2025.05.18"]
[Round "7.16"]
[White "Elhusseiny, Eyad"]
[Black "Ahmed Hassan Ahmed"]
[Result "1-0"]
[WhiteTitle "CM"]
[BlackTitle "CM"]
[WhiteElo "2075"]
[BlackElo "2050"]
[WhiteFideId "10681523"]
[BlackFideId "12201588"]
[EventDate "2025.05.13"]

1. e4 c5 2. Nf3 d6 3. d4 cxd4 4. Nxd4 Nf6 5. Nc3 g6 6. Be3 Bg7 7. f3 Nc6 8. Qd2
O-O 9. O-O-O Nxd4 10. Bxd4 Be6 11. Kb1 Qc7 12. g4 Rfc8 13. h4 Qa5 14. a3 Rab8
15. h5 b5 16. Nd5 Qxd2 17. Nxf6+ Bxf6 18. Rxd2 Bxd4 19. Rxd4 g5 20. Be2 Kg7 21.
h6+ Kf6 22. b3 Rc3 23. Rd2 Ke5 24. Bd3 f6 25. Rf1 a6 26. Kc1 Rbc8 27. Kd1 Kf4
28. Ke2 a5 29. Rb1 Bd7 30. Kf2 Bc6 31. Re2 Ke5 32. Ke3 Bd7 33. Rf2 Be6 34. Rh1
Bf7 35. f4+ gxf4+ 36. Rxf4 Bg6 37. Rff1 R8c7 38. g5 fxg5 39. Rfg1 a4 40. Rxg5+
Kf6 41. Rxb5 axb3 42. Rf1+ Ke6 43. cxb3 Kd7 44. Rf8 e6 45. Kd2 Ke7 46. Rf4 Rc1
47. Rh4 Ra1 48. a4 Ra2+ 49. Ke3 Rc1 50. Bc4 Rac2 51. Bd3 Rg2 52. Rb7+ Kf6 53.
Rf4+ Kg5 54. Rf1 Rc3 55. Kd4 Rc6 56. a5 Rg3 57. Bc4 Rc5 58. Bxe6 Rxa5 59. Bd5
Ra2 60. Rb6 Rd2+ 61. Kc4 Kg4 62. Re1 Kf4 63. Rxd6 Rc2+ 64. Kb4 Kg5 65. e5 Rg4+
66. Bc4 Ra2 67. e6 Ra8 68. e7 Re8 69. Kc5 Be4 70. Re6 Bf5 71. R6e5 Kf6 72. Rxf5+
Kxf5 73. Be6+ Kg5 74. Bxg4 Kxg4 75. Kd6 1-0